000 00775cam a22002174a 4500
005 20250605163936.0
008 250528s ||||||||||||||||||||||||d
035 _a14860
020 _a528666126
040 _aGR-AtMCL
_bgre
_dGR-AtMCL
_eAACR2
245 1 _aThe Culture of Western Europe / The Nineteenth and Twentieth Centuries
250 _a2nd
260 _bRand Mcnally College Publishing Company,
_c1961
300 _a412
505 0 _aIntroduction: The Nineteenth Century: 1815-1870, From the Nineteenth to the Twentieth Century: 1870-1918, Index.
520 _aIntroduction: The Nineteenth Century: 1815-1870, From the Nineteenth to the Twentieth Century: 1870-1918, Index.
700 1 _aMosse George I
_9633
942 _cBK
999 _c471
_d471